000 00440nam a2200181Ia 4500
001 20112
005 20260306172742.0
008 260306t2012||||xx |||||||||||||| ||spa||
041 _aESP
082 _a342.211
_bT36
100 _aQuinteros, Víctor Manuel
_eAUT
245 0 _aTemas de derecho penal y violación de derechos humanos
260 _c2012
300 _a
_c
650 _aGEN
654 _aCDE
942 _cLIB
_dJUS
_fJUS
_2ddc
_n
999 _c20112
_d20112